[Event "Hannover Bezirk-ch A"]
[Site "Lehrte"]
[Date "2017.10.30"]
[Round "6.7"]
[White "Grenz, Michael"]
[Black "Arban, Jens"]
[Result "1-0"]
[WhiteElo "1455"]
[BlackElo "1373"]
[PlyCount "87"]
[EventDate "2017.10.??"]
[EventType "swiss"]
[EventRounds "7"]
[EventCountry "GER"]
[SourceTitle "EXT 2022"]
[Source "ChessBase"]
[SourceDate "2021.10.06"]
[SourceVersion "1"]
[SourceVersionDate "2021.10.06"]
[SourceQuality "1"]

1. e4 e6 2. d4 b6 3. Nf3 Bb7 4. Bd3 Nf6 5. e5 Nd5 6. a3 c5 7. c3 Nc6 8. 0-0 h6 9. Nbd2 Nf4 10. Be4 d5 11. Bc2 Ba6 12. Re1 c4 13. Nf1 Nd3 14. Bxd3 cxd3 15. Re3 b5 16. b4 Qc7 17. Qxd3 Ne7 18. Ng3 Qc6 19. Nd2 Ng6 20. Nh5 Rg8 21. Nb3 Be7 22. Rg3 Qc4 23. Na5 Qxd3 24. Rxd3 Kd7 25. Bd2 Bd8 26. Nb3 Kc6 27. Rf3 Bh4 28. Rxf7 Rgf8 29. Rxf8 Rxf8 30. g3 Bg5 31. f4 Be7 32. Nxg7 Bc8 33. Nc5 Bxc5 34. bxc5 Rg8 35. Nh5 Nh4 36. Kf2 Nf5 37. Nf6 Rg6 38. Rg1 Bd7 39. g4 Ne7 40. h4 Ng8 41. Nxg8 Rxg8 42. h5 Be8 43. f5 exf5 44. gxf5 1-0

[Event "Hannover Bezirk-ch A"]
[Site "Lehrte"]
[Date "2017.10.29"]
[Round "3.11"]
[White "Grenz, Michael"]
[Black "Yerin, Daniel"]
[Result "1/2-1/2"]
[WhiteElo "1455"]
[BlackElo "1180"]
[PlyCount "83"]
[EventDate "2017.10.??"]
[EventType "swiss"]
[EventRounds "7"]
[EventCountry "GER"]
[SourceTitle "EXT 2022"]
[Source "ChessBase"]
[SourceDate "2021.10.06"]
[SourceVersion "1"]
[SourceVersionDate "2021.10.06"]
[SourceQuality "1"]

1. e4 e6 2. d4 d5 3. Nc3 Nf6 4. Bg5 h6 5. Bh4 g5 6. Bg3 Nxe4 7. Nxe4 dxe4 8. Bc4 Bd6 9. Ne2 Nc6 10. a3 Bxg3 11. hxg3 Bd7 12. Nc3 Na5 13. Ba2 Qe7 14. Qe2 0-0-0 15. 0-0-0 f5 16. d5 exd5 17. Nxd5 Qe5 18. Rd2 Nc6 19. Rhd1 Be6 20. f4 Qg7 21. Qb5 a6 22. Qc5 Qf7 23. c4 Rd7 24. b4 Rhd8 25. a4 Qf8 26. Qxf8 Rxf8 27. b5 Bxd5 28. bxc6 Bxc6 29. Bb3 Rfd8 30. c5 Rxd2 31. Rxd2 Rxd2 32. Kxd2 Kd7 33. a5 gxf4 34. gxf4 e3+ 35. Kxe3 Bxg2 36. Ba4+ Ke6 37. Kd4 h5 38. Bb3+ Kd7 39. Ke5 Kc6 40. Kxf5 Kxc5 41. Kg5 Kb4 42. Bd1 1/2-1/2

[Event "Hannover-chA"]
[Site "Lehrte"]
[Date "2014.10.28"]
[Round "7"]
[White "Grenz, Michael"]
[Black "Zweigait, Bjoern"]
[Result "0-1"]
[WhiteElo "1334"]
[BlackElo "1492"]
[PlyCount "36"]
[EventDate "2014.10.25"]
[EventType "swiss"]
[EventRounds "7"]
[EventCountry "GER"]
[SourceTitle "EXT 2021"]
[Source "ChessBase"]
[SourceDate "2020.10.23"]
[SourceVersion "1"]
[SourceVersionDate "2020.10.23"]
[SourceQuality "1"]

1. d4 d5 2. Nf3 Nf6 3. c4 e6 4. Nc3 c6 5. cxd5 exd5 6. Bg5 Bf5 7. e3 Nbd7 8. Bd3 Bg6 9. Ne5 Be7 10. Nxg6 hxg6 11. a3 Nh5 12. Bxe7 Qxe7 13. b4 Nf4 14. Bf1 f5 15. Qf3 Ne6 16. g3 Nxd4 17. Qd1 Ne5 18. exd4 Nf3# 0-1

[Event "Hannover-chA"]
[Site "Lehrte"]
[Date "2013.10.18"]
[Round "3"]
[White "Grenz, Michael"]
[Black "Glaschak, Joachim"]
[Result "1-0"]
[WhiteElo "1215"]
[BlackElo "1287"]
[PlyCount "47"]
[EventDate "2013.10.17"]
[EventType "swiss"]
[EventRounds "7"]
[EventCountry "GER"]
[SourceTitle "EXT 2021"]
[Source "ChessBase"]
[SourceDate "2020.10.23"]
[SourceVersion "1"]
[SourceVersionDate "2020.10.23"]
[SourceQuality "1"]

1. d4 d5 2. Nf3 Nf6 3. c4 e6 4. Nc3 b6 5. Bg5 Nbd7 6. cxd5 h6 7. Bh4 g5 8. dxe6 fxe6 9. Bg3 Bb7 10. e3 Nd5 11. Bc4 N7f6 12. 0-0 Bd6 13. Ne5 0-0 14. Qc2 Qe8 15. Rae1 Nh5 16. Ng4 Nb4 17. Qb3 Bd5 18. Bxd6 cxd6 19. Qxb4 Bxc4 20. Qxc4 d5 21. Qd3 Kg7 22. Rc1 Nf6 23. Nxf6 Rxf6 24. Nb5 1-0

[Event "Hannover-chA"]
[Site "Lehrte"]
[Date "2013.10.17"]
[Round "2"]
[White "Kieselbach, Petra"]
[Black "Grenz, Michael"]
[Result "1-0"]
[WhiteElo "1554"]
[BlackElo "1215"]
[PlyCount "55"]
[EventDate "2013.10.17"]
[EventType "swiss"]
[EventRounds "7"]
[EventCountry "GER"]
[SourceTitle "EXT 2021"]
[Source "ChessBase"]
[SourceDate "2020.10.23"]
[SourceVersion "1"]
[SourceVersionDate "2020.10.23"]
[SourceQuality "1"]

1. d4 Nf6 2. Nf3 g6 3. c3 Bg7 4. e3 d5 5. Bd3 Nbd7 6. Nbd2 0-0 7. 0-0 c5 8. e4 cxd4 9. e5 dxc3 10. exf6 Bxf6 11. bxc3 Bxc3 12. Rb1 a6 13. Nb3 b6 14. Qc2 Bg7 15. Qc6 Rb8 16. Qxd5 Bb7 17. Qg5 Bxf3 18. gxf3 Ne5 19. Be2 Qc7 20. Bb2 h6 21. Bxe5 Bxe5 22. Qxh6 a5 23. Rbc1 Qd6 24. Rc4 f5 25. Rh4 Kf7 26. Rd1 Qe6 27. Bc4 Qxc4 28. Rxc4 1-0